000 00276nam a22001337a 4500
041 _aENG
100 _aSeethalakshmi .K.K
245 _aBamboos Of India A Compendium
260 _aDelhi
_bINBAR
_c1998
300 _a342
650 _aFS
700 _aKumar.M.S
856 _uFS
999 _c809
_d809